Logo BPK

Biblioteka

Politechniki Koszalińskiej

Modelirovanie processov poperecno-klinovoj prokatki / (Rekord nr 43752)

Szczegóły MARC
000 -ETYKIETA REKORDU
podpole kontrolne o stałej długości 00560nam a2200217 i 4500
001 - NUMER KONTROLNY REKORDU
pole kontrolne bg
020 ## - MIĘDZYNARODOWY ZNORMALIZOWANY NUMER KSIĄŻKI - ISBN
ISBN 9666120224
040 ## - ŹRÓDŁO KATALOGOWANIA
Instytucja, która utworzyła rekord BPK
041 0# - KOD JĘZYKA
Kod języka tekstu rus
080 ## - UNIWERSALNA KLASYFIKACJA DZIESIĘTNA - UKD
UKD 621.77
920 ## - Międzynarodowy znormalizowany numer książki – ISBN
ISBN 966-612-022-4
008 - POLE O STAŁEJ DŁUGOŚCI - DANE KONTROLNE
podpole kontrolne o stałej długości s pl f |000 0 pol
245 10 - TYTUŁ/ODPOWIEDZIALNOŚĆ
Tytuł Modelirovanie processov poperecno-klinovoj prokatki /
Pozostałe elementy strefy tytułu i oznaczenia odpowiedzialności Zbignev Pater [et al.].
260 ## - STREFA ADRESU WYDAWNICZEGO
Miejsce wydania Kiev :
Nazwa wydawcy/dystrybutora NUPT,
Data publikacji, dystrybucji/powstania dokumentu 2003.
300 ## - STREFA OPISU FIZYCZNEGO
Objętość 156 s. :
Inne cechy fizyczne il. ;
Rozmiary 27 cm.
500 ## - UWAGI OGÓLNE
Tekst uwagi Tekst. ros.
504 ## - UWAGA DOTYCZĄCA BIBLIOGRAFII
Informacje o bibliografii Bibliogr.
650 #9 - HASŁO PRZEDMIOTOWE W FORMIE NAZWY OGÓLNEJ LUB JEDNOSTKOWEJ
Nazwa ogólna lub geograficzna Walcowanie
Określnik ogólny technologia
700 1# - HASŁO DODATKOWE - NAZWA OSOBOWA
Nazwa osobowa PATER, Zbigniew
856 ## - LOKALIZACJA I DOSTĘP DO ELEKTRONICZNYCH DOKUMENTÓW ZDALNYCH
Link (URL) http://koha.tu.koszalin.pl/cgi-bin/koha/opac-detail.pl?biblionumber=43752
Tekst linku Katalog online BPK
942 ## - DODATKOWE ELEMENTY (KOHA)
Typ dokumentu Książka
Egzemplarze
Wycofany Status egzemplarza Uszkodzony Dostępność Lokalizacja stała Lokalizacja bieżąca Miejsce przechowywania Sygnatura Kod kreskowy Typ dokumentu
      Dostępny Biblioteka Politechniki Koszalińskiej Biblioteka Politechniki Koszalińskiej Wypożyczalnia BG 69924 02158945 Książka
© 2023 Biblioteka Politechniki Koszalińskiej :: KOHA